Εισοδήματα και φτώχεια στην Ελλάδα : προσδιοριστικοί παράγοντες
Αποθηκεύτηκε σε:
| Κύριος συγγραφέας: | |
|---|---|
| Μορφή: | Βιβλίο |
| Γλώσσα: | Greek |
| Δημοσίευση: |
Αθήνα :
Κέντρο Προγραμματισμού και Οικονομικών Ερευνών,
1986
|
| Σειρά: | Studies (Κέντρον Προγραμματισμού και Οικονομικών Ερευνών)
; 22 |
| Θέματα: | |
| Ετικέτες: |
Προσθήκη ετικέτας
Δεν υπάρχουν, Καταχωρήστε ετικέτα πρώτοι!
|
MARC
| LEADER | 00000nam a2200000 i 4500 | ||
|---|---|---|---|
| 001 | 1/63771 | ||
| 008 | 940112s1986 gre d | ||
| 035 | |l 10029314 | ||
| 040 | |a GR-MY-UA |b gre |e aacr | ||
| 041 | 0 | |a gre | |
| 082 | 0 | |a 339.2209495 | |
| 100 | 1 | |a Κανελλόπουλος, Κωσταντίνος Ν. | |
| 245 | 1 | 0 | |a Εισοδήματα και φτώχεια στην Ελλάδα : |b προσδιοριστικοί παράγοντες / |c Κ. Ν. Κανελλόπουλου |
| 260 | |a Αθήνα : |b Κέντρο Προγραμματισμού και Οικονομικών Ερευνών, |c 1986 | ||
| 300 | |a 209 σ. | ||
| 490 | 1 | |a Επιστημονικές μελέτες |v ; 22 | |
| 504 | |a Περιέχει βιβλιογραφία | ||
| 650 | 0 | 0 | |a Income |z Greece. |
| 650 | 0 | 0 | |a Wages |z Greece. |
| 650 | 0 | 0 | |a Poverty |x Research |z Greece. |
| 830 | 0 | |a Studies (Κέντρον Προγραμματισμού και Οικονομικών Ερευνών) |v ; 22 | |
| 852 | |a INST |b CHIOS |e 19960503 |h 339.509495 KAN |p 005200005215 |q 005200005215 |t BK |y 0 | ||
| 852 | |a INST |b CHIOS |e 19960503 |h 339.509495 KAN |p 005200005216 |q 005200005216 |t BK |y 0 | ||
| 852 | |a INST |b CHIOS |e 19990216 |h 339.509495 KAN |p 005200014856 |q 005200014856 |t BK |y 0 | ||
| 852 | |a INST |b LESVOS |e 19940112 |h 339.2209495 ΚΑΝ |p 005100004191 |q 005100004191 |t BK |y 0 | ||
| 852 | |a INST |b LESVOS |e 19940112 |h 339.2209495 ΚΑΝ |p 005100009415 |q 005100009415 |t BK |y 0 | ||
| 852 | |a INST |b LESVOS |e 19960725 |h 339.2209495 ΚΑΝ |p 005100009416 |q 005100009416 |t BK |y 0 | ||
| 909 | |a Χ |b 007471 | ||
| 909 | |a Χ |b 055379 | ||
| 909 | |a Λ |b 033131 | ||
| 909 | |a Χ |b 008561 | ||
| 922 | |a 2ΔΩΡ |b 199902 |d ΛΕΜΟΝΙΑ | ||